Applied Hydraulic Engineering (Record no. 12271)

MARC details
000 -LEADER
fixed length control field 00371nam a22001577a 4500
003 - CONTROL NUMBER IDENTIFIER
control field OSt
008 - FIXED-LENGTH DATA ELEMENTS--GENERAL INFORMATION
fixed length control field 240323b |||||||| |||| 00| 0 eng d
020 ## - INTERNATIONAL STANDARD BOOK NUMBER
International Standard Book Number 9789380381626
082 ## - DEWEY DECIMAL CLASSIFICATION NUMBER
Classification number 627.1 CHA
100 ## - MAIN ENTRY--PERSONAL NAME
Personal name CHANDRAMOULI,PN
245 ## - TITLE STATEMENT
Title Applied Hydraulic Engineering
250 ## - EDITION STATEMENT
Edition statement 3rd Ed
260 ## - PUBLICATION, DISTRIBUTION, ETC. (IMPRINT)
Place of publication, distribution, etc Chennai
Name of publisher, distributor, etc Yes Dee Publishing
300 ## - PHYSICAL DESCRIPTION
Extent 1005
942 ## - ADDED ENTRY ELEMENTS (KOHA)
Source of classification or shelving scheme Dewey Decimal Classification
Koha item type Reference Books
Holdings
Withdrawn status Lost status Source of classification or shelving scheme Damaged status Not for loan Collection code Home library Current library Date acquired Source of acquisition Currency Cost, normal purchase price Bill Number Total Checkouts Full call number Acc. no. / Barcode Date last seen Actual Cost, discounted price Bill Date Koha item type Public note
    Dewey Decimal Classification     B.Tech(CE) PIET C-LIBRARY PIET C-LIBRARY 06/03/2024 Raghav Books Private Limited In rupees 895.00 1575   627.1 CHA 35596 23/03/2024 626.50 06/03/2024 Reference Books Decentralisation

Design & Developed by: PIET Central Library
R70 Miles Stone Pattikalyana Samalkha Panipat 132102
mail ID :- [email protected], Phone No:- 0180-2569700 Ex.216